Ο μαρξισμός και η λογοτεχνική κριτική

Αποθηκεύτηκε σε:
Λεπτομέρειες βιβλιογραφικής εγγραφής
Κύριος συγγραφέας: Eagleton, Terry, 1943-
Άλλοι συγγραφείς: Αζαριάδης, Γρηγόρης (Μεταφραστής)
Μορφή: Βιβλίο
Γλώσσα:Greek
English
Δημοσίευση: Αθήνα : Υψιλον, 1981.
Σειρά:Ύψιλον/μικρά βιβλία ; 8
Θέματα:
Ετικέτες: Προσθήκη ετικέτας
Δεν υπάρχουν, Καταχωρήστε ετικέτα πρώτοι!

MARC

LEADER 00000cam a2200000 i 4500
001 1/97033
008 950131s1981 gr | ||| |||| ||gre||
035 |l 10010405 
040 |a GR-MyUA  |b gre  |e AACR2 
041 1 |a gre  |h eng 
082 0 |a 801.95  |2 (22) 
100 1 |a Eagleton, Terry,   |d 1943- 
245 1 2 |a Ο μαρξισμός και η λογοτεχνική κριτική /   |c Τέρυ Ήγκλετον ; μετάφραση Γρηγόρης Αζαριάδης ; θεώρηση κειμένου Κύριλλος Σαρρής.  
260 |a Αθήνα :   |b Υψιλον,   |c 1981.  
300 |a 120 σ. ;   |c 18 εκ.  
490 1 |a (Υψιλον-Μικρά βιβλία   |v ; 8)  
500 |a Τίτλος πρωτοτύπου: Marxism and literary criticism.  
504 |a Περιέχει βιβλιογραφία. 
650 0 0 |a Marxist criticism. 
700 1 |a Αζαριάδης, Γρηγόρης,  |e trl 
830 0 |a Ύψιλον/μικρά βιβλία ;  |v  8 
852 |a INST  |b LESVOS  |e 19950131  |h 801.95 EAG  |p 005100013397  |q 005100013397  |t BK  |y 0 
852 |a INST  |b RHODES  |e 20081120  |h 801.95 EAG  |p 005400031296  |q 005400031296  |t BK  |y 0 
901 |a BIBL4-2008-3 
909 |a Λ  |b 011371 
909 |a Ρ  |b 156391 
922 |a 1ΕΛΗ  |b 198807  |c ΠΠ/8114